000 01119nam a2200313 a 4500
001 000109551
003 CHAP
005 20220329144054.0
008 140508s2013 mx a sm |||||||spa d
010 _a106013
011 _a106985
040 _cCHAP
090 _aTesis
100 1 _aOrtiz Aparicio, Gil
_9126778
245 1 0 _aTipos de tráfico y despacho aduanero en México
_h[En línea]
_cpor Gil Ortiz Aparacio.
260 _aChapingo, Méx. :
_bEl autor,
_c2013.
500 _aPara ver el contenido del material haga clic en la liga
502 _aTesis (Lic. en Comercio Internacional de productos Agropecuarios) -- UACH. División de Ciencias Económico Administrativas
590 _aBATCH-UPD
_b05
_c20141002
_lUCH01
_h0903
590 _aE5652GLJ
_b05
_c20140508
_lUCH01
_h1453
590 _aE5652GLJ
_b05
_c20140508
_lUCH01
_h1453
650 1 4 _aAduanas
_xMéxico.
_9126803
650 1 4 _aAranceles
_zMéxico
_96493
650 1 4 _aExportación e importación
_zMéxico.
_939119
856 _aFinding aid
_uhttp://10.13.5.2/tesis/sist109551.pdf
_zTeclea aquí
901 _aBK
942 _cTESIS
942 _n0
999 _c106013
_d106013